|
|
|
|
| LEADER |
00000ny a22000003n 4500 |
| 003 |
OCoLC |
| 005 |
20110614143734.0 |
| 006 |
m d |
| 007 |
cr un||||||||| |
| 008 |
050819t20032003miu sb 001 0 eng |
| 010 |
|
|
|a 2002008407
|
| 020 |
|
|
|a 9780787677015
|
| 035 |
|
|
|a 2706
|
| 040 |
|
|
|a ZOW
|c ZOW
|d vLex
|
| 090 |
|
|
|b .G27 2003eb
|
| 090 |
|
|
|c 682
|d 682
|
| 245 |
0 |
0 |
|a Gale encyclopedia of everyday law
|h [Recurso electrn̤ico]
|c Shirelle Phelps, editor
|
| 256 |
|
|
|a Servicio en ln̕ea
|
| 260 |
|
|
|a Farmington Hills, MI :
|b Gale Group,
|c cop. 2003
|
| 300 |
|
|
|a 2 v. ;
|c 29 cm
|
| 504 |
|
|
|a Includes bibliographical references and index
|
| 505 |
0 |
|
|a v. 1. Americans with Disabilities Act to family law -- v. 2. First amendment law to travel.
|
| 506 |
1 |
|
|a Contenido solo disponible en los productos indicados
|d vLex Global
|d vLex Global (Academic Edition, excluding Law Schools)
|d vLex Global (Academic Edition, Law Schools)
|
| 520 |
|
|
|a "Fills a much-needed gap between legal texts focusing on the theory and history behind the law and more practical guides dealing with the law and its everyday effect upon its citizens. Articles include brief descriptions of each issue's historical background, profiles of various U.S. laws and regulations, details of how laws and regulations vary from state to state, and comprehensive bibliographies that include print and Web resources and lists of relevant organizations."--Pâagina web sobre este libro
|
| 650 |
|
|
|a Derecho
|z Estados Unidos
|
| 700 |
1 |
|
|a Phelps, Shirelle
|
| 740 |
0 |
|
|a vLex Libros (Servicios en ln̕ea)
|
| 830 |
|
0 |
|a Gale virtual reference library
|
| 856 |
4 |
0 |
|u http://vlex.com/source/2706
|z Acceso restringido
|
| 942 |
|
|
|c BOOK
|
| 999 |
0 |
|
|a Philosophy of the Law
|b Estados Unidos
|